[Event "International Championship of Central S"]
[Site "Paracin"]
[Date "2014.07.05"]
[Round "2.1"]
[White "Krstic, Aca Jovan"]
[Black "Milosevic, Rade"]
[Result "0-1"]
[WhiteElo "1885"]
[BlackElo "2100"]
[PlyCount "84"]
[EventDate "2014.07.04"]

1. e4 c6 2. d4 d5 3. e5 Bf5 4. h4 h5 5. Be2 e6 6. Be3 Qb6 7. b3 c5 8. Nf3 Nc6
9. c3 cxd4 10. Nxd4 Nxd4 11. Bxd4 Bc5 12. Na3 a6 13. b4 Bxd4 14. Qxd4 Qxd4 15.
cxd4 Ne7 16. b5 Bg6 17. Kd2 O-O 18. Bd3 f6 19. f3 fxe5 20. dxe5 Bxd3 21. Kxd3
Ng6 22. Kd4 Rf4+ 23. Kc5 Ra4 24. Nb1 axb5 25. Kxb5 R8a5+ 26. Kb6 Nxe5 27. Nd2
Rxa2 28. Nb3 Nc4+ 29. Kc7 Rxa1 30. Nxa1 Rb5 31. Re1 e5 32. Re2 Kf7 33. Ra2 d4
34. Ra4 Ne3 35. f4 Ke6 36. fxe5 Kxe5 37. Ra3 Nxg2 38. Rg3 Nxh4 39. Nb3 Nf5 40.
Rh3 h4 41. Nd2 g5 42. Nc4+ Kf4 0-1

[Event "International Championship of Central S"]
[Site "Paracin"]
[Date "2014.07.05"]
[Round "2.2"]
[White "Colovic, Zoran"]
[Black "Glisic, Tomislav"]
[Result "1-0"]
[WhiteElo "2088"]
[BlackElo "1881"]
[PlyCount "73"]
[EventDate "2014.07.04"]

1. e4 e5 2. Nf3 Nc6 3. Bc4 Bc5 4. c3 Nf6 5. d4 exd4 6. e5 d5 7. Bb5 Ne4 8. Nxd4
Bd7 9. Bxc6 bxc6 10. Be3 O-O 11. O-O Qe7 12. f3 Ng5 13. f4 Ne4 14. Nd2 f5 15.
Nxe4 fxe4 16. Qd2 Bb6 17. a4 a5 18. b4 c5 19. Nb5 Bc6 20. bxc5 Bxc5 21. Bd4 Bb7
22. f5 Bb6 23. Bxb6 cxb6 24. Qd4 Qc5 25. Nd6 Bc6 26. Rf4 Rad8 27. Rg4 Rxd6 28.
exd6 Qxd4+ 29. cxd4 Rxf5 30. Rg3 Rf6 31. Rb3 Bd7 32. Rxb6 Kf7 33. Ra6 e3 34.
Rxa5 e2 35. Re1 Re6 36. Rxd5 Bxa4 37. d7 1-0

[Event "International Championship of Central S"]
[Site "Paracin"]
[Date "2014.07.05"]
[Round "2.3"]
[White "Emmanouilidis, Athanasios"]
[Black "Petrovic, Marija"]
[Result "0-1"]
[WhiteElo "1880"]
[BlackElo "2087"]
[PlyCount "78"]
[EventDate "2014.07.04"]

1. d4 d5 2. Nf3 c6 3. c4 Nf6 4. Nc3 Qb6 5. e3 Bg4 6. h3 Bxf3 7. Qxf3 e6 8. Bd3
Nbd7 9. O-O Be7 10. Qg3 Nh5 11. Qg4 g6 12. Qe2 f5 13. cxd5 cxd5 14. Bd2 Nhf6
15. Rfc1 O-O 16. Na4 Qd8 17. b4 b6 18. Ba6 Ne4 19. Rc2 Nxd2 20. Qxd2 Nf6 21. f3
Qd7 22. Nb2 Nh5 23. Rac1 Bd6 24. Nd3 f4 25. Qe1 Rad8 26. e4 dxe4 27. Qxe4 Ng3
28. Qe1 Nf5 29. Ne5 Bxe5 30. dxe5 Qd4+ 31. Kh2 Ne3 32. Rc7 Qb2 33. Be2 g5 34.
Rxa7 Rf7 35. Rxf7 Kxf7 36. Rc7+ Kg6 37. Rc6 Rd2 38. Rxe6+ Kf7 39. Rxb6 Rxe2 0-1

[Event "International Championship of Central S"]
[Site "Paracin"]
[Date "2014.07.05"]
[Round "2.4"]
[White "Vasilev, Martin"]
[Black "Ostojic, Nikola M"]
[Result "0-1"]
[WhiteElo "1867"]
[BlackElo "2074"]
[PlyCount "84"]
[EventDate "2014.07.04"]

1. d4 Nf6 2. c4 e6 3. Nc3 Bb4 4. Qc2 c5 5. e3 cxd4 6. exd4 b6 7. Bd3 Bb7 8. f3
Nc6 9. Nge2 d5 10. cxd5 Nxd5 11. O-O Nxc3 12. bxc3 Bd6 13. f4 g6 14. Bb2 O-O
15. a3 Be7 16. Ng3 Rc8 17. Qe2 Na5 18. Rae1 Bf6 19. f5 exf5 20. Nxf5 gxf5 21.
Qh5 Re8 22. Rxe8+ Qxe8 23. Qxf5 Bg7 24. a4 Qe3+ 25. Kh1 Qh6 26. Bc1 Bxg2+ 27.
Kg1 Qh3 28. Qxf7+ Kh8 29. Bf5 Bxf1 30. Bxh3 Bxh3 31. Bf4 Rf8 32. Qc7 Nc4 33.
Kf2 Bh6 34. Qe7 Rxf4+ 35. Kg3 Bf1 36. Qe8+ Rf8 37. Qe6 Bg7 38. d5 Be5+ 39. Kh4
Kg7 40. Qe7+ Kg8 41. Qg5+ Kh8 42. Qg4 Rf4 0-1

[Event "International Championship of Central S"]
[Site "Paracin"]
[Date "2014.07.05"]
[Round "2.5"]
[White "Raykov, Stefan"]
[Black "Rasic, Jovan"]
[Result "1-0"]
[WhiteElo "1845"]
[BlackElo "2072"]
[PlyCount "49"]
[EventDate "2014.07.04"]

1. e4 g6 2. d4 Bg7 3. Nf3 c6 4. Be2 d5 5. Nc3 Nh6 6. O-O f6 7. Re1 O-O 8. exd5
cxd5 9. b3 Nf7 10. a4 Nc6 11. Ba3 Re8 12. h3 g5 13. Nh2 f5 14. Bh5 Bxd4 15.
Bxf7+ Kxf7 16. Qh5+ Kg8 17. Nf3 e6 18. Nxg5 Re7 19. Bxe7 Qxe7 20. Nxd5 Qg7 21.
Rad1 Bd7 22. Nc7 Rc8 23. Ncxe6 Bxe6 24. Nxe6 Qf6 25. Nxd4 1-0

[Event "International Championship of Central S"]
[Site "Paracin"]
[Date "2014.07.05"]
[Round "2.6"]
[White "Marjanovics, Gyorgy"]
[Black "Cvetkovski, Slobodan"]
[Result "1-0"]
[WhiteElo "2070"]
[BlackElo "1875"]
[PlyCount "57"]
[EventDate "2014.07.04"]

1. e4 e6 2. d4 d5 3. Nc3 Bb4 4. Bd3 Nc6 5. Nge2 f5 6. e5 b6 7. a3 Bxc3+ 8. bxc3
Na5 9. O-O Ne7 10. Nf4 O-O 11. Qh5 Bd7 12. a4 Qe8 13. Qg5 h6 14. Qg3 Qf7 15.
Be2 Kh7 16. Ba3 Be8 17. Bh5 g6 18. Bxe7 gxh5 19. Bxf8 Qxf8 20. Nxe6 Qf7 21. Nf4
Bd7 22. Qh4 Nc4 23. Nxh5 Be6 24. Rfd1 Na5 25. Rd3 f4 26. Nf6+ Kg7 27. Qxf4 Rh8
28. Rg3+ Kf8 29. Qh4 1-0

[Event "International Championship of Central S"]
[Site "Paracin"]
[Date "2014.07.05"]
[Round "2.7"]
[White "Dimitrijevic, Dusan"]
[Black "Stanojevic, Ilija"]
[Result "1-0"]
[WhiteElo "2067"]
[BlackElo "1861"]
[PlyCount "49"]
[EventDate "2014.07.04"]

1. d4 e6 2. e4 d5 3. Nd2 Nf6 4. e5 Nfd7 5. Bd3 c5 6. c3 b6 7. Qa4 g5 8. Ne2 h5
9. O-O a5 10. f4 g4 11. f5 exf5 12. Nf4 Bh6 13. Nxd5 O-O 14. Rxf5 cxd4 15. Rxh5
Nc5 16. Qxd4 Nc6 17. Bh7+ Kg7 18. Qf2 Re8 19. Rxh6 Nxe5 20. Ne4 Nxe4 21. Bxe4
f5 22. Nc7 Qxc7 23. Bxa8 Nd3 24. Qd4+ Ne5 25. Bf4 1-0

[Event "International Championship of Central S"]
[Site "Paracin"]
[Date "2014.07.05"]
[Round "2.8"]
[White "Nikic, Dragan"]
[Black "Djuretanovic, Ivan"]
[Result "1-0"]
[WhiteElo "1840"]
[BlackElo "2064"]
[PlyCount "39"]
[EventDate "2014.07.04"]

1. e4 e5 2. Nf3 Nc6 3. Bc4 Be7 4. O-O Nf6 5. Re1 O-O 6. d3 d6 7. c3 Bg4 8. Be3
Na5 9. Nbd2 Nxc4 10. Nxc4 c6 11. Ncd2 Qc7 12. Nf1 d5 13. Ng3 Rad8 14. h3 Bc8
15. Qc2 h6 16. Rad1 Nh7 17. d4 dxe4 18. Nxe5 f5 19. Qb3+ Kh8 20. Ng6# 1-0

[Event "International Championship of Central S"]
[Site "Paracin"]
[Date "2014.07.05"]
[Round "2.9"]
[White "Milosavljevic, Delimir"]
[Black "Arandjelovic, Aleksandar Z"]
[Result "0-1"]
[WhiteElo "1836"]
[BlackElo "2060"]
[PlyCount "95"]
[EventDate "2014.07.04"]

1. c4 Nf6 2. Nc3 g6 3. g3 Bg7 4. Bg2 O-O 5. Nf3 d6 6. O-O Nc6 7. d3 e5 8. e3
Bg4 9. h3 Bd7 10. a3 a5 11. Bd2 Bf5 12. e4 Be6 13. Ne2 Qd7 14. Ng5 a4 15. Nxe6
fxe6 16. Bc3 Nh5 17. d4 exd4 18. Nxd4 Nxd4 19. Bxd4 e5 20. Be3 b6 21. c5 bxc5
22. Bxc5 Rab8 23. Bb4 Bh6 24. Bc3 Rf7 25. Qe2 Qc6 26. Rad1 Rbf8 27. h4 Qb6 28.
Rd3 c5 29. Rf3 Kg7 30. Rxf7+ Rxf7 31. Bf3 Nf6 32. g4 Bf4 33. g5 Ne8 34. Kg2 Nc7
35. Qc4 Nb5 36. Qxa4 Nd4 37. Bxd4 exd4 38. Be2 Qd8 39. Bc4 Re7 40. Qc2 h6 41.
gxh6+ Kxh6 42. Qe2 Re5 43. Qg4 Qf6 44. Kh3 Rh5 45. Rh1 Qe5 46. Bf7 Qxe4 47. Rg1
Qf5 48. Bxg6 0-1

[Event "International Championship of Central S"]
[Site "Paracin"]
[Date "2014.07.05"]
[Round "2.10"]
[White "Thomassen, Thomas"]
[Black "Gagic, Miroljub"]
[Result "0-1"]
[WhiteElo "2050"]
[BlackElo "1851"]
[PlyCount "58"]
[EventDate "2014.07.04"]

1. c4 Nc6 2. g3 Nf6 3. Bg2 d5 4. cxd5 Nxd5 5. Nc3 Nb6 6. Nf3 e5 7. O-O Be7 8.
a3 O-O 9. b4 a6 10. Rb1 Re8 11. d3 Bf8 12. Ne4 Nd4 13. Bb2 Bg4 14. Ned2 c6 15.
h3 Bh5 16. g4 Bg6 17. Nxd4 exd4 18. Nb3 Nd5 19. Bxd4 Nf4 20. Be3 Nxg2 21. Kxg2
f5 22. Bf4 fxg4 23. hxg4 Qf6 24. Qd2 h5 25. gxh5 Bxh5 26. e4 Rad8 27. Bg5 Qf3+
28. Kg1 Rxd3 29. Qf4 Rxb3 0-1

[Event "International Championship of Central S"]
[Site "Paracin"]
[Date "2014.07.05"]
[Round "2.11"]
[White "Nikolic, Milan"]
[Black "Ljangov, Petar"]
[Result "0-1"]
[WhiteElo "1832"]
[BlackElo "2046"]
[PlyCount "90"]
[EventDate "2014.07.04"]

1. Nf3 Nf6 2. c4 b6 3. g3 c5 4. Bg2 Bb7 5. O-O g6 6. b3 Bg7 7. Bb2 O-O 8. e3 d6
9. d4 Nbd7 10. Nbd2 Qc7 11. Rc1 Ne4 12. Qc2 Nxd2 13. Qxd2 Nf6 14. d5 Ne4 15.
Qc2 Bxb2 16. Qxb2 Nf6 17. Rfe1 e5 18. Nh4 Qe7 19. f4 Rae8 20. a3 exf4 21. exf4
Qd8 22. b4 Rxe1+ 23. Rxe1 Re8 24. Rxe8+ Nxe8 25. f5 Bc8 26. fxg6 fxg6 27. Nf3
Qe7 28. bxc5 bxc5 29. Kf2 Bg4 30. Ne1 Qf6+ 31. Qxf6 Nxf6 32. Ke3 Bc8 33. Bf3
Ba6 34. Be2 Kf7 35. Ng2 Nd7 36. Kd2 Kf6 37. Nf4 Nb6 38. Kc3 g5 39. Ne6 Nxd5+
40. cxd5 Bxe2 41. Nd8 Bb5 42. Kb3 g4 43. a4 Bd7 44. a5 Ke7 45. Nb7 a6 0-1

[Event "International Championship of Central S"]
[Site "Paracin"]
[Date "2014.07.05"]
[Round "2.12"]
[White "Lazic, Milan B"]
[Black "Mirkovic, Dejan"]
[Result "1-0"]
[WhiteElo "2022"]
[BlackElo "1842"]
[PlyCount "61"]
[EventDate "2014.07.04"]

1. e4 e6 2. d4 d5 3. Nd2 Nf6 4. e5 Nfd7 5. Bd3 c5 6. c3 Nc6 7. Ne2 cxd4 8. cxd4
f6 9. Nf4 Nxd4 10. Qh5+ Ke7 11. Ng6+ hxg6 12. exf6+ Nxf6 13. Qxh8 Kf7 14. O-O
e5 15. f3 Nh5 16. g3 Nc2 17. Kh1 Nxa1 18. b3 Bh3 19. Re1 Qa5 20. Qh7 e4 21.
fxe4 Qc3 22. Be2 Qe3 23. Nf3 Qxe4 24. Bd1 Bf5 25. Rxe4 Bxe4 26. Kg1 Be7 27.
Ne5+ Ke6 28. Bxh5 Bc5+ 29. Kf1 gxh5 30. Qxg7 Rf8+ 31. Bf4 1-0

[Event "International Championship of Central S"]
[Site "Paracin"]
[Date "2014.07.05"]
[Round "2.13"]
[White "Majstorovic, Dusan"]
[Black "Lojovic, Matija"]
[Result "1-0"]
[WhiteElo "2022"]
[BlackElo "1839"]
[PlyCount "117"]
[EventDate "2014.07.04"]

1. e4 e6 2. d4 d5 3. Nc3 dxe4 4. Nxe4 Be7 5. Nf3 Nf6 6. Bd3 Nbd7 7. c3 b6 8.
O-O O-O 9. Re1 Bb7 10. h3 c5 11. dxc5 Nxc5 12. Nxc5 Bxc5 13. Bg5 Be7 14. Qe2
Qc7 15. Rad1 Rad8 16. Bc2 Rxd1 17. Bxd1 Rd8 18. Bb3 Nd5 19. Bxe7 Qxe7 20. Qe5
Qf6 21. Rd1 Qxe5 22. Nxe5 Rc8 23. Bxd5 exd5 24. Ng4 f6 25. Ne3 Rd8 26. c4 d4
27. f3 Kf7 28. Nf5 d3 29. Kf2 g6 30. Ng3 Ba6 31. b3 f5 32. a4 Kf6 33. Ke3 Bb7
34. Nf1 Ke5 35. Rxd3 f4+ 36. Ke2 Rd4 37. Kd2 Bc8 38. Kc3 Rxd3+ 39. Kxd3 g5 40.
Nd2 h5 41. c5 bxc5 42. Kc4 Bb7 43. Kxc5 g4 44. hxg4 hxg4 45. b4 Ke6 46. Kd4 Kf5
47. b5 Ke6 48. Ne4 Ke7 49. Ke5 gxf3 50. gxf3 Kd8 51. Kxf4 Kc7 52. Ke5 Kb6 53.
f4 Bc8 54. Nd6 Bg4 55. f5 Bh5 56. f6 Bg6 57. f7 Bxf7 58. Nxf7 a6 59. Nd6 1-0

[Event "International Championship of Central S"]
[Site "Paracin"]
[Date "2014.07.05"]
[Round "2.14"]
[White "Rakic, Ognjan"]
[Black "Nikolovski, Nikola"]
[Result "0-1"]
[WhiteElo "1809"]
[BlackElo "2017"]
[PlyCount "97"]
[EventDate "2014.07.04"]

1. e4 c5 2. Nf3 d6 3. d4 cxd4 4. Nxd4 Nf6 5. Nc3 Nc6 6. Bc4 Bd7 7. Bb3 g6 8. f3
Bg7 9. Be3 O-O 10. Qd2 Qa5 11. O-O-O Rfc8 12. Kb1 Ne5 13. h4 Nc4 14. Bxc4 Rxc4
15. Nb3 Qa6 16. h5 Rac8 17. hxg6 hxg6 18. Bd4 Be6 19. g4 b5 20. g5 Nh5 21. Bxg7
Kxg7 22. Rh2 Qb6 23. Qe1 a5 24. Nd5 Bxd5 25. exd5 a4 26. Nc1 Qc7 27. Re2 Kf8
28. c3 a3 29. Rc2 b4 30. bxa3 Rxc3 31. Rxc3 bxc3 32. Kc2 Qb7 33. Nb3 Qa6 34.
Ra1 Nf4 35. Qf1 Qxa3 36. Qc1 Qa4 37. Qd1 Qc4 38. Qf1 Qxd5 39. Rd1 Qf5+ 40. Kc1
Qxg5 41. Kc2 Nd5 42. Qg1 Nb4+ 43. Kb1 c2+ 44. Kb2 cxd1=Q 45. Qxd1 Qg2+ 46. Ka3
Nc2+ 47. Ka4 Ra8+ 48. Na5 Qg5 49. Qd2 0-1

[Event "International Championship of Central S"]
[Site "Paracin"]
[Date "2014.07.05"]
[Round "2.15"]
[White "Bozinovic, Boban"]
[Black "Ostojic, Katarina"]
[Result "1/2-1/2"]
[WhiteElo "2011"]
[BlackElo "1834"]
[PlyCount "59"]
[EventDate "2014.07.04"]

1. e4 c5 2. Nf3 Nc6 3. c3 d5 4. exd5 Qxd5 5. d4 cxd4 6. cxd4 Bg4 7. Be2 e6 8.
Nc3 Bb4 9. O-O Qa5 10. a3 O-O-O 11. Bg5 Be7 12. b4 Qc7 13. Be3 Bf6 14. Nb5 Qd7
15. Rc1 Nge7 16. Bf4 Qd5 17. Rc5 Qe4 18. Nd6+ Rxd6 19. Bxd6 Rd8 20. Bxe7 Bxe7
21. Rc3 Kb8 22. Re3 Qd5 23. h3 Bxf3 24. Bxf3 Qxd4 25. Qc2 Bg5 26. Rc3 Ne5 27.
Be2 Bd2 28. Rc5 b6 29. Rc7 Qd6 30. Rc3 1/2-1/2

[Event "International Championship of Central S"]
[Site "Paracin"]
[Date "2014.07.05"]
[Round "2.16"]
[White "Ratkovic, Petar"]
[Black "Manelidis, Savvas"]
[Result "1/2-1/2"]
[WhiteElo "1800"]
[BlackElo "2000"]
[PlyCount "104"]
[EventDate "2014.07.04"]

1. d4 Nf6 2. Nf3 e6 3. e3 b6 4. Bd3 Bb7 5. b3 c5 6. Bb2 Nc6 7. a3 Be7 8. O-O
O-O 9. Nbd2 d5 10. Qe2 Qc7 11. Ne5 Nxe5 12. dxe5 Ne4 13. f3 Nxd2 14. Qxd2 c4
15. Be2 Rac8 16. Bd4 cxb3 17. cxb3 Qc2 18. Qd3 f6 19. b4 fxe5 20. Bxe5 Bf6 21.
Bxf6 gxf6 22. Rfc1 Qxc1+ 23. Rxc1 Rxc1+ 24. Kf2 e5 25. Qf5 Bc8 26. Qd3 Be6 27.
Qa6 Rc2 28. Kg3 Rc7 29. a4 Bc8 30. Qb5 Be6 31. Qa6 Rd8 32. a5 Rd6 33. Bd3 Bc8
34. Qb5 Bd7 35. Qa6 Bc8 36. Qb5 a6 37. Qe8+ Kg7 38. Qh5 Kg8 39. Bxh7+ Kf8 40.
Bg6 Be6 41. Qh8+ Bg8 42. h4 bxa5 43. bxa5 Rg7 44. h5 d4 45. exd4 exd4 46. Qh6
d3 47. Qf4 Ke7 48. Qe4+ Be6 49. Qb7+ Rd7 50. Qb4+ Rd6 51. Qd2 Bf7 52. Qe3+ Be6
1/2-1/2

[Event "International Championship of Central S"]
[Site "Paracin"]
[Date "2014.07.05"]
[Round "2.17"]
[White "Zivkovic, Zivojin"]
[Black "Konstantinov, Aleksandar"]
[Result "0-1"]
[WhiteElo "1992"]
[BlackElo "1828"]
[PlyCount "64"]
[EventDate "2014.07.04"]

1. Nf3 c5 2. g3 g6 3. Bg2 Bg7 4. d3 d6 5. O-O Nf6 6. c4 Nbd7 7. Nc3 O-O 8. Rb1
Ng4 9. Bg5 h6 10. Bd2 Nde5 11. Nxe5 Nxe5 12. b4 cxb4 13. Rxb4 Rb8 14. Be3 Qa5
15. Qb3 Ng4 16. Bd2 Qh5 17. h3 Nf6 18. Rb5 g5 19. h4 e5 20. Bf3 Bg4 21. hxg5
hxg5 22. Ne4 Nxe4 23. dxe4 b6 24. Rd5 Rfd8 25. Rd1 Bxf3 26. exf3 g4 27. fxg4
Qxg4 28. Qc2 Rdc8 29. Bb4 b5 30. Bxd6 Rxc4 31. Qd3 Re8 32. Rxb5 Rd4 0-1

[Event "International Championship of Central S"]
[Site "Paracin"]
[Date "2014.07.05"]
[Round "2.18"]
[White "Rajic, Milovan"]
[Black "Milosevic, Jovana"]
[Result "0-1"]
[WhiteElo "1794"]
[BlackElo "1990"]
[PlyCount "84"]
[EventDate "2014.07.04"]

1. d4 d5 2. Nf3 Nf6 3. c4 e6 4. e3 c6 5. a3 Bd6 6. b3 O-O 7. Bb2 Ne4 8. Nbd2 f5
9. Ne5 Nd7 10. Ndf3 Ndf6 11. g3 Bd7 12. Bg2 Be8 13. Qc2 Bh5 14. c5 Bxf3 15.
Nxf3 Bc7 16. O-O Qe8 17. Ne5 Qh5 18. Rae1 Ng5 19. Qe2 Ng4 20. h4 Bxe5 21. dxe5
Nf7 22. f4 g5 23. fxg5 Nxg5 24. Bf3 Nxf3+ 25. Qxf3 Rf7 26. Kg2 Rg7 27. Kh3 Kh8
28. Rg1 Rag8 29. Ref1 Qg6 30. Qf4 Nh6 31. Kh2 Qh5 32. Qf3 Rg4 33. Kh3 Nf7 34.
Qd1 Ng5+ 35. Kh2 Ne4 36. Rf3 R4g6 37. Bd4 Rh6 38. Rg2 Rg4 39. Kg1 Rxg3 40.
Rgxg3 Nxg3 41. Kg2 Ne4 42. Qh1 Qg4+ 0-1

[Event "International Championship of Central S"]
[Site "Paracin"]
[Date "2014.07.05"]
[Round "2.19"]
[White "Ivic, Matija"]
[Black "Zarkovic, Milos"]
[Result "1-0"]
[WhiteElo "1988"]
[BlackElo "1822"]
[PlyCount "83"]
[EventDate "2014.07.04"]

1. Nf3 Nf6 2. c4 e6 3. g3 d5 4. Bg2 Be7 5. O-O O-O 6. d3 b6 7. Ne5 Bb7 8. Qa4
c5 9. Nc3 a6 10. cxd5 Nxd5 11. Qb3 Nxc3 12. bxc3 Bxg2 13. Kxg2 Qd5+ 14. Nf3
Qxb3 15. axb3 Bf6 16. Bd2 Nc6 17. Ra2 Ra7 18. Rc1 Rc8 19. b4 Be7 20. Be3 Rb8
21. bxc5 Bxc5 22. Bxc5 bxc5 23. Nd2 f5 24. Nc4 a5 25. Ra3 Kf8 26. Rc2 Ke7 27.
Rca2 Rb5 28. Kf3 e5 29. Ra1 Ke6 30. e4 g6 31. R1a2 h6 32. Ke3 Ra8 33. f4 Ra7
34. h4 h5 35. Nd2 Rb8 36. Nb3 c4 37. dxc4 Rba8 38. Nc5+ Kd6 39. Na4 Ra6 40. c5+
Ke6 41. Rd2 Ne7 42. Nb6 1-0

[Event "International Championship of Central S"]
[Site "Paracin"]
[Date "2014.07.05"]
[Round "2.20"]
[White "Injac, Teodora"]
[Black "Kuzmanovic, Aleksa"]
[Result "1-0"]
[WhiteElo "1984"]
[BlackElo "1809"]
[PlyCount "77"]
[EventDate "2014.07.04"]

1. d4 Nf6 2. Nf3 g6 3. c4 Bg7 4. Nc3 d5 5. cxd5 Nxd5 6. Qb3 Nb6 7. e4 Bg4 8. d5
O-O 9. Be3 e6 10. Rd1 Qe7 11. Be2 N8d7 12. O-O exd5 13. exd5 Nf6 14. h3 Bxf3
15. Bxf3 Ne8 16. Rfe1 Qd8 17. Ne4 Nd6 18. Bg5 f6 19. Bf4 a5 20. Nxd6 cxd6 21.
Re6 Nc8 22. Qxb7 Ra7 23. Qc6 Rc7 24. Qa4 Rb7 25. Qa3 Rb4 26. Bd2 Rb5 27. Be2
Rc5 28. Be3 Rc7 29. Qxa5 Re7 30. Qxd8 Rxd8 31. Rxe7 Nxe7 32. b4 Ra8 33. Bc4 Nf5
34. Bf4 g5 35. Bc1 Ra4 36. a3 Ra7 37. Bb3 h6 38. a4 Kf7 39. b5 1-0

[Event "International Championship of Central S"]
[Site "Paracin"]
[Date "2014.07.05"]
[Round "2.21"]
[White "Ilic, Sladjan"]
[Black "Djoric, Krsta"]
[Result "1/2-1/2"]
[WhiteElo "1978"]
[BlackElo "1801"]
[PlyCount "139"]
[EventDate "2014.07.04"]

1. e4 e5 2. Nf3 Nc6 3. Bc4 Bc5 4. c3 Nf6 5. d3 O-O 6. b4 Bd6 7. O-O a6 8. a4
Be7 9. Qb3 h6 10. h3 d6 11. Be3 Bd7 12. Nbd2 Qc8 13. Kh2 Nd8 14. Qc2 c6 15. Ba2
Ne6 16. Nc4 Qc7 17. Qd2 Kh7 18. Bb6 Qb8 19. g3 Nh5 20. Be3 Qc7 21. Qe2 g6 22.
Qd2 g5 23. Bb6 Qb8 24. Ne3 Neg7 25. Rad1 f5 26. exf5 Nxf5 27. Nxf5 Rxf5 28. Qe2
Qf8 29. Kg2 c5 30. Bd5 Bc6 31. Be4 Bxe4 32. dxe4 Rf6 33. Nxg5+ Kg6 34. Qg4 hxg5
35. h4 Rf7 36. hxg5 Qc8 37. Qe2 Qe6 38. Rh1 Rh8 39. bxc5 dxc5 40. Bd8 Rfh7 41.
Bc7 Ng7 42. Rxh7 Rxh7 43. g4 Kxg5 44. Bxe5 Qxg4+ 45. Qxg4+ Kxg4 46. Rd7 Nh5 47.
Rxb7 Nf4+ 48. Kg1 Kf3 49. Bxf4 Kxf4 50. Ra7 Kxe4 51. Rxa6 c4 52. Ra7 Rg7+ 53.
Kf1 Bf6 54. Ra8 Kd3 55. a5 Kxc3 56. a6 Bd4 57. Ke2 Kc2 58. f4 c3 59. Kf3 Re7
60. f5 Kc1 61. Rd8 Be5 62. Rd5 Bg7 63. Rb5 Bd4 64. Rd5 Ra7 65. Rxd4 Rxa6 66.
Rc4 c2 67. Kf4 Kd2 68. Kg5 c1=Q 69. Rxc1 Kxc1 70. f6 1/2-1/2

[Event "International Championship of Central S"]
[Site "Paracin"]
[Date "2014.07.05"]
[Round "2.22"]
[White "Dyulgerov, Dimitar"]
[Black "Jovanovic, Mladen"]
[Result "1-0"]
[WhiteElo "1977"]
[BlackElo "1797"]
[PlyCount "61"]
[EventDate "2014.07.04"]

1. d4 d5 2. c4 e6 3. Nf3 c5 4. e3 Nc6 5. Nc3 cxd4 6. exd4 Nf6 7. Bg5 Be7 8. c5
O-O 9. Bb5 Bd7 10. O-O Ne4 11. Bxe7 Nxc3 12. Bxd8 Nxd1 13. Bg5 Nxb2 14. Rfb1
Nc4 15. Bxc4 dxc4 16. Rxb7 Bc8 17. Rb2 a5 18. Bf4 f6 19. Bd6 Re8 20. a3 Ne7 21.
Rc1 Ba6 22. Bxe7 Rxe7 23. Rb6 Kf7 24. c6 Rc7 25. Nd2 Ke7 26. Nxc4 Bxc4 27. Rxc4
Kd6 28. f3 Kd5 29. Ra4 Rxc6 30. Rb5+ Kd6 31. Raxa5 {unreadable} 1-0

[Event "International Championship of Central S"]
[Site "Paracin"]
[Date "2014.07.05"]
[Round "2.23"]
[White "Egorova, Tatyana"]
[Black "Radovanovic, Miroljub B"]
[Result "0-1"]
[WhiteElo "1793"]
[BlackElo "1974"]
[PlyCount "109"]
[EventDate "2014.07.04"]

1. d4 d5 2. Nf3 Nf6 3. b3 g6 4. Bb2 Bg7 5. e3 Nbd7 6. c4 c6 7. Nbd2 Qa5 8. Bd3
Ne4 9. O-O f5 10. Bxe4 fxe4 11. Ne1 Nf6 12. f3 exf3 13. Nexf3 Bg4 14. Qe1 O-O
15. e4 Nxe4 16. Nxe4 Qxe1 17. Raxe1 dxe4 18. Rxe4 Bxf3 19. Rxf3 Rxf3 20. gxf3
Kf7 21. Ba3 Bf6 22. Kf2 b5 23. cxb5 cxb5 24. Bc5 a5 25. a3 e6 26. Rf4 g5 27.
Re4 Rc8 28. f4 g4 29. Re2 h5 30. Ke3 e5 31. fxe5 Bxe5 32. dxe5 Rxc5 33. Kd4 Rc1
34. Kd5 Ke7 35. e6 Rd1+ 36. Kc5 Rd3 37. a4 bxa4 38. bxa4 h4 39. Re5 g3 40. hxg3
hxg3 41. Kb5 g2 42. Rg5 Rd5+ 43. Rxd5 g1=Q 44. Kxa5 Kxe6 45. Rb5 Kd6 46. Ka6
Qf1 47. Kb6 Qf2+ 48. Kb7 Qf3+ 49. Ka7 Qe3+ 50. Rb6+ Kc7 51. a5 Qe4 52. Rb8 Qd5
53. a6 Qd6 54. Rb7+ Kc8 55. Rb6 0-1

[Event "International Championship of Central S"]
[Site "Paracin"]
[Date "2014.07.05"]
[Round "2.24"]
[White "Stojkovic, Zoran"]
[Black "Simic, Petar S"]
[Result "1-0"]
[WhiteElo "1971"]
[BlackElo "1770"]
[PlyCount "85"]
[EventDate "2014.07.04"]

1. d4 Nf6 2. c4 c5 3. d5 e6 4. Nc3 exd5 5. Nxd5 Nxd5 6. cxd5 d6 7. Nf3 Be7 8.
e4 Bf6 9. Bc4 O-O 10. O-O a6 11. a4 Bg4 12. Qb3 Qc7 13. h3 Bxf3 14. Qxf3 Nd7
15. Qe2 Ne5 16. Ba2 c4 17. Bb1 b5 18. f4 Nd7 19. axb5 axb5 20. Rxa8 Rxa8 21. e5
dxe5 22. Qe4 g6 23. d6 Qd8 24. fxe5 Bxe5 25. Bg5 Qe8 26. Be7 Bxb2 27. h4 Rc8
28. h5 Rc5 29. hxg6 hxg6 30. Qg4 Ne5 31. Qe4 Nd7 32. Qg4 b4 33. Bxg6 fxg6 34.
Qe6+ Kg7 35. Bf8+ Nxf8 36. Qxe8 Bd4+ 37. Kh2 Be5+ 38. g3 Bxd6 39. Qf7+ Kh6 40.
Qf6 Rh5+ 41. Kg2 Bc5 42. g4 Rg5 43. Rh1+ 1-0

[Event "International Championship of Central S"]
[Site "Paracin"]
[Date "2014.07.05"]
[Round "2.25"]
[White "Zlatanovic, Jovana"]
[Black "Zajic, Milun"]
[Result "1/2-1/2"]
[WhiteElo "1741"]
[BlackElo "1970"]
[PlyCount "46"]
[EventDate "2014.07.04"]

1. e4 c5 2. Nf3 Nc6 3. d3 g6 4. g3 Bg7 5. Bg2 Nf6 6. O-O O-O 7. Re1 d6 8. c3
Bg4 9. Nbd2 Rc8 10. h3 Be6 11. Nf1 h6 12. N3h2 Nd7 13. Ne3 b5 14. Kh1 Nb6 15.
Neg4 Kh7 16. Rb1 a5 17. f4 b4 18. a3 Qc7 19. Bd2 Rfd8 20. Nf3 Qd7 21. Nfh2 Qc7
22. Nf3 Qd7 23. Nfh2 Qc7 1/2-1/2

[Event "International Championship of Central S"]
[Site "Paracin"]
[Date "2014.07.05"]
[Round "2.26"]
[White "Dragojevic, Dragan"]
[Black "Nestorovic, Katarina"]
[Result "1-0"]
[WhiteElo "1953"]
[BlackElo "1620"]
[PlyCount "95"]
[EventDate "2014.07.04"]

1. e4 c5 2. f4 e6 3. Nf3 Nf6 4. Nc3 d6 5. Be2 Be7 6. O-O O-O 7. d3 Nc6 8. Qe1
Bd7 9. h3 Nd4 10. Bd1 Bc6 11. Qf2 Nxf3+ 12. Bxf3 Qc7 13. Bd2 b5 14. Ne2 e5 15.
b3 d5 16. fxe5 Qxe5 17. Bc3 Qc7 18. exd5 Nxd5 19. Bb2 Bb7 20. Rae1 Bf6 21. Bxd5
Bxb2 22. Bxb7 Qxb7 23. c3 Ba3 24. Ng3 Rad8 25. Re3 c4 26. b4 Rxd3 27. Rxd3 cxd3
28. Qd4 Qb6 29. Rd1 Qxd4+ 30. cxd4 Bxb4 31. Rxd3 Rd8 32. Kf2 a5 33. Ke3 Be7 34.
Ke4 g6 35. d5 f6 36. Kd4 Kf7 37. Ne4 Ke8 38. Nc3 Rb8 39. Ne4 f5 40. Nc5 Bxc5+
41. Kxc5 Kd7 42. d6 b4 43. Re3 Rc8+ 44. Kd5 Rf8 45. Re7+ Kc8 46. Kc6 Kd8 47.
Ra7 Ke8 48. Ra8+ 1-0